000 00636nam a2200181Ia 4500
008 090124s9999 xx 000 0 und d
082 _b43466
100 _aउगावकर राम
245 _aSADABAHAR VRUDHATVA सदाबहार वृध्दत्व
250 _a1
260 _bवसंत बुक स्टॉल
_c2005
300 _a140
600 _aउगावकर राम
630 _aSADABAHAR VRUDHATVA सदाबहार वृध्दत्व
700 _aउगावकर राम
730 _aSADABAHAR VRUDHATVA सदाबहार वृध्दत्व
942 _cBOOK
999 _c109696
_d109696